书目信息 |
| 题名: |
故宫
|
|
| 作者: | ||
| 分册: | ||
| 出版信息: | 北京 中国旅游出版社 1982 |
|
| 页数: | 42页 | |
| 开本: | 20cm | |
| 丛书名: | ||
| 单 册: | ||
| 中图分类: | K928.74 | |
| 科图分类: | ||
| 主题词: | 地理--中国 | |
| 电子资源: | ||
| ISBN: | ||
| 000 | 00427nam0 2200181 450 | |
| 001 | 0653998406 | |
| 005 | 20060914150131.78 | |
| 010 | @dCNY0.28 | |
| 100 | @a20060914d1982 km y0chiy0120 ea | |
| 101 | 0 | @achi |
| 102 | @aCN@b110000 | |
| 200 | 1 | @a故宫@Agu gong |
| 210 | @a北京@c中国旅游出版社@d1982 | |
| 215 | @a42页@d20cm | |
| 606 | 0 | @a地理@x中国 |
| 690 | @aK928.74@v3 | |
| 801 | 0 | @aCN@bPFT@c20060914 |
| 905 | @a10447@dK928.74@e343 | |
| 故宫.-北京:中国旅游出版社,1982 |
| 42页;20cm |
| ISBN :CNY0.28 |
| ● |
| 相关链接 |
|
|
|
|
正题名:故宫
索取号:K928.74/343
 
预约/预借
| 序号 | 登录号 | 条形码 | 馆藏地/架位号 | 状态 | 备注 |
| 1 | 0473397 | 204733976 | 密集书库/ [索取号:K928.74/343] | 在馆 |